Comedias
Furkejuvvon:
| Váldodahkki: | |
|---|---|
| Materiálatiipa: | Girji |
| Giella: | espánnjágiella |
| Almmustuhtton: |
Barcelona
RBA Coleccionables
2000
|
| Ráidu: | Historia de la Literatura
|
| Fáttát: | |
| Fáddágilkorat: |
Lasit fáddágilkoriid
Eai fáddágilkorat, Lasit vuosttaš fáddágilkora!
|
MARC
| LEADER | 00000nam a2200000 a 4500 | ||
|---|---|---|---|
| 001 | UCH8422 | ||
| 003 | CL-VaPUC | ||
| 008 | 091127e20000000SP |||||||||||||||||spa|d | ||
| 020 | |a 8447301176 Historia de la Literatura | ||
| 020 | |a 8447303098 Comedias | ||
| 082 | 0 | 4 | |a 822 |b SHA |2 21 |
| 100 | |a Shakespeare, William |e author |9 265757 | ||
| 245 | 1 | 0 | |a Comedias |
| 246 | 1 | 3 | |a Un sueño de la noche de San Juan |
| 246 | 1 | 4 | |a Las alegres casadas de Windsor |
| 246 | 1 | 3 | |a La doma de la furia |
| 246 | 1 | 3 | |a El mercader de Venecia |
| 300 | |a 281 p | ||
| 942 | |c BK | ||
| 945 | |d 20091127 00:00:00 | ||
| 260 | |a Barcelona |b RBA Coleccionables |c 2000 | ||
| 650 | 0 | |a Teatro inglés |9 265744 | |
| 650 | 7 | |a COMEDIAS INGLESAS |2 CL-VaPUC |9 269397 | |
| 650 | 0 | |a Literatura inglesa |9 312907 | |
| 583 | |a last modification |c 20091127 00:00:00 |k Rodrigo Vera | ||
| 490 | 0 | |a Historia de la Literatura | |
| 999 | |c 338636 |d 338634 | ||